Henry IV, part 1 / (Record no. 2175)

MARC details
000 -LEADER
fixed length control field 01917cam a2200325 4500
001 - CONTROL NUMBER
control field 2715
005 - DATE AND TIME OF LATEST TRANSACTION
control field 20181127165554.0
008 - FIXED-LENGTH DATA ELEMENTS--GENERAL INFORMATION
fixed length control field 100827s2009 nyua b 000 d eng d
010 ## - LIBRARY OF CONGRESS CONTROL NUMBER
LC control number 2010282257
020 ## - INTERNATIONAL STANDARD BOOK NUMBER
International Standard Book Number 0812969243 (pbk.)
International Standard Book Number 9780812969245 (pbk.)
International Standard Book Number 9781588368447 (ebook)
100 1# - MAIN ENTRY--PERSONAL NAME
Personal name Shakespeare, William,
Dates associated with a name 1564-1616.
240 10 - UNIFORM TITLE
Uniform title King Henry IV.
Number of part/section of a work Part 1
245 10 - TITLE STATEMENT
Title Henry IV, part 1 /
Statement of responsibility, etc. William Shakespeare ; edited by Jonathan Bate and Eric Rasmussen ; introduction by Jonathan Bate.
246 3# - VARYING FORM OF TITLE
Title proper/short title Henry the Fourth, part one
260 ## - PUBLICATION, DISTRIBUTION, ETC.
Place of publication, distribution, etc. New York :
Name of publisher, distributor, etc. Modern Library,
Date of publication, distribution, etc. 2009.
300 ## - PHYSICAL DESCRIPTION
Extent xxviii, 216 p. :
Other physical details ill. ;
Dimensions 21 cm.
490 0# - SERIES STATEMENT
Series statement The RSC Shakespeare
500 ## - GENERAL NOTE
General note Electronic copy available on RTC Cloud in "Library" folder
504 ## - BIBLIOGRAPHY, ETC. NOTE
Bibliography, etc. note Includes bibliographical references (p. [212]-214).
505 0# - FORMATTED CONTENTS NOTE
Formatted contents note Introduction. Tragical-comical-historical-pastoral ; Harry to Harry ; Honor versus instinct ; The prince as Machiavel? ; Reformation and rejection -- About the text -- Key facts -- The first part of Henry the Fourth, with the life and death of Henry surnamed Hotspur -- Textual notes -- Oaths from the quarto -- Scene-by-scene analysis -- Synopisis of Henry IV part II -- Henry IV in performance: the RSC and beyond -- Shakespeare's career in the theater -- Shakespeare's works: a chronology -- Kings and queens of England: from the history plays to Shakespeare's lifetime -- The history behind the histories: a chronology -- Further reading and viewing -- References.
600 00 - SUBJECT ADDED ENTRY--PERSONAL NAME
Personal name Henry
Numeration IV,
Titles and other words associated with a name King of England,
Dates associated with a name 1367-1413
Form subdivision Drama.
Personal name Shakespeare, William,
Dates associated with a name 1564-1616.
Title of a work King Henry IV.
Number of part/section of a work Part 1.
651 #0 - SUBJECT ADDED ENTRY--GEOGRAPHIC NAME
Geographic name Great Britain
General subdivision Kings and rulers
Form subdivision Drama.
700 1# - ADDED ENTRY--PERSONAL NAME
Personal name Bate, Jonathan.
Personal name Rasmussen, Eric,
Dates associated with a name 1960-
710 2# - ADDED ENTRY--CORPORATE NAME
Corporate name or jurisdiction name as entry element Royal Shakespeare Company.
856 ## - ELECTRONIC LOCATION AND ACCESS
Host name
Uniform Resource Identifier <a href="http://shakespeare.mit.edu/1henryiv/index.html">http://shakespeare.mit.edu/1henryiv/index.html</a>
Link text Henry IV, part 1
Public note
Materials specified
Holdings
Withdrawn status Lost status Source of classification or shelving scheme Damaged status Not for loan Collection code Home library Current library Shelving location Serial Enumeration / chronology Inventory number Total Checkouts Full call number Barcode Date last seen Copy number Price effective from Koha item type
    Dewey Decimal Classification     Main TEST RTC Library RTC Library Main opac 4886   822.33 SHA 30000351 27/11/2018 1 27/11/2018 Main
    Dewey Decimal Classification     Main TEST RTC Library RTC Library Main opac 4887   822.33 SHA 30002570 27/11/2018 2 27/11/2018 Main
Royal Thimphu College || All Right Reserved